000 00482nam a22001817a 4500
005 20241003122700.0
008 170124b xxu||||| |||| 00| 0 eng d
020 _a9780470036310
040 _cPK-LaUMT
082 _a613.710284
_bWIN-R
100 _aWinkler, Martin
_92540
245 _aRope sport:
_bthe ultimate jump rope workout/
_cMartin Winkler
260 _aHoboken:
_bJohn wiley,
_c2007
300 _a230 p.
546 _aen
650 _aRope skipping
_92541
942 _cBK
999 _c90424
_d90424